00667 2200181 4500245007600000020002200076250001100098100002100109700002100130650001700151005001900168260004200187041001400229084000800243300002800251500019700279336000900476 aWeird and Wicked Series 1 b : Tanaman MonstercErnita DietjeriahText a978-979-91-0735-0 aCet. 1 aErnita Dietjeria aPradikha Bestari aNovel Remaja a20240228113421 aJakartabGramedia Pustaka Utamac2014 aIndonesia a813 avi, 98 hlm. :c19,5 cm. aSerangan Tanaman Pemakan Daging!Tonit bangga sekali saat menemukan tanaman berkantung di hutan. Apalagi saat tahu tanaman itu tanaman pemakan daging langka yang bisa dijual dengan harga mahal. atext